00524nam a2200181Ii 450000100060000000300090000600800410001504000330005604100080008908200210009710000200011824500530013826400580019130000120024933600260026133700280028733800270031513157CO-ViMGA241108s9999||||xx |||||||||||||| ||und|| aCO-ViMGAbspaerdacCO-ViMGA0 aspa04aCG 658.45 - B73c1 aRobert D. Breth10aLas comunicaciones en la dirección de empresas 1aEstados Unidos : Fondo Educativo Interamericano, 1972 avolumen atextbtxt2rdacontent aunmediatedbn2rdamedia avolumebnc2rdacarrier